三国志演義 登場人物 初級編 - Statistics

General Stats
  • This quiz has been taken 10 times
  • The average score is 28 of 30
Answer Stats
Hint Answer % Correct
1 主人公。蜀漢を建国した。 劉備
100%
2 1の最大のライバル。曹魏の基礎を築いた。 曹操
100%
3 孫呉の初代皇帝。 孫権
100%
4 1の義兄弟。関公と呼ばれ、商売繁盛の神として祀られている。 関羽
100%
5 1の義兄弟。気が短いが武勇に優れる。 張飛
100%
6 三国志最大の知恵者。1の死後の蜀漢を支えた。 諸葛亮
100%
7 五虎大将の一人。常山出身。文献資料は少ないが演義では大活躍。 趙雲
100%
8 潼関で曹操を追い詰めた。後に1に仕えて五虎大将となる。 馬超
100%
9 五虎大将の一人。劉表や韓玄に仕えたのち1に仕官する。 黄忠
100%
10 隻眼の勇将。2の親戚で、軍事だけでなく内政もこなした。 夏侯惇
100%
11 10の族弟。素早い攻撃が得意な名将。しかしハヤトチリにより9に討たれる。 夏侯淵
100%
12 2の参謀。的確な助言で2を躍進させた。しかし赤壁の前に死亡。 郭嘉
100%
14 元は26の武将。26が死亡する際2に仕えた。呉に数々の痛い目を見させ、呉に恐れられた。 張遼
100%
17 3の父。武功により名を上げ、天下に名を轟かせた。 孫堅
100%
18 3の兄。呉地方に地盤を築き上げ、孫呉の基礎を作る。 孫策
100%
19 18の義兄弟。水戦に優れ、赤壁では2に引けを取らなかった。しかし吐血死を遂げる。 周瑜
100%
25 四世三公の名家出身。一時は2を超える勢力を持つが官渡にて大敗し没落。失意の中死去。 袁紹
100%
26 三國志一の武勇を持つ。しかし裏切りを続けて最後は部下に見放され2に処刑される。 呂布
100%
13 2の参謀。知謀もさることながら内政のエリートでもあった。 荀彧
89%
15 狼顧。西晋の基礎を作る。2に警戒されるほど恐ろしい才能を持ち、2の死後躍進した。 司馬懿
89%
22 21の後継者。夷陵にて1をこてんぱんに撃ち破る。その後も長らく孫呉の重鎮。 陸遜
89%
27 25の一族。「仲」という国を作り、天下に号令しようとしたが失敗。没落した。 袁術
89%
28 荊州に巨大な地盤を持つ。2や3にも対抗する半独立王国を作った。 劉表
89%
29 益州に地盤を持つ。天険を利用して政権を長らく保つも1に攻められ降伏。 劉璋
89%
30 黄巾の乱を起こした太平道の教祖。しかし乱中に急逝。 張角
89%
16 元は25の武将。老将ながらも北伐阻止に大いに活躍。しかし諸葛亮の策に陥り死去。 張郃
78%
20 19の後継者。文官寄りであり、対2穏健路線をとる。 魯粛
78%
21 20の後継者。4を討ち取る大功を挙げるも、直後に急死。 呂蒙
78%
23 補佐役であり、暴走する3を止める役割を担った頑固爺さん。 張昭
78%
24 元は涼州の将軍。朝廷を乗っ取り、天下を牛耳る。しかし配下の26に討たれ死亡。 董卓
78%
No matching quizzes found
Score Distribution
Percent of People with Each Score
Percentile by Number Answered
Your Score History
You have not taken this quiz